000 00559nam a2200181 a 4500
005 20240913063723.0
008 991125s1980 mx 000 0 spa u
035 _aUPN01000012942
049 _aF
050 4 _aHM101
_bP7.2
100 1 _aPrieto, Francisco,
_d1942-
_939238
245 1 3 _aLa cultura formal en el proceso del desarrollo social /
_cFrancisco Prieto.
260 _aMéxico :
_bUNAM, Centro de Estudios sobre la Universidad,
_c[198-].
300 _a30 p.
440 0 _aPensamiento universitario ;
_v32
650 4 _aCultura
_97095
905 _aLibro
999 _c12942
_d12942